[Event "XII Festival Magistrale"]
[Site "Barcellona Pozzo di Gotto ITA"]
[Date "1991.07.??"]
[Round "1"]
[White "Cappellani, Vincenzo"]
[Black "Ortega, Lexy"]
[Result "0-1"]
[WhiteElo "2105"]
[BlackElo "2410"]
[PlyCount "108"]
[EventDate "1991.07.20"]

1. e4 c5 2. Nf3 d6 3. d4 cxd4 4. Nxd4 Nf6 5. Nc3 a6 6. Bc4 e6 7. Bb3 b5 8. O-O
Be7 9. Qf3 Ra7 10. Qg3 b4 11. Nce2 O-O 12. Bh6 Ne8 13. Rad1 Bd7 14. Be3 Rc7 15.
f4 a5 16. c3 a4 17. Bc2 bxc3 18. bxc3 Rb7 19. Rb1 Rxb1 20. Rxb1 Na6 21. e5 Nc5
22. Qh3 g6 23. Nf3 Qc7 24. Ned4 Ng7 25. g3 Rb8 26. Qf1 Nf5 27. Nxf5 gxf5 28.
Rxb8+ Qxb8 29. Bxc5 dxc5 30. Qb1 Qa8 31. Kf2 Bc6 32. Bd1 h6 33. Qb6 Bd5 34. Qb5
Bc6 35. Qb6 Bd5 36. Qb5 a3 37. c4 Bc6 38. Qb3 Qa5 39. Qe3 Qb4 40. Qb3 Qa5 41.
Qe3 Bd8 42. Nd2 Qb4 43. Bb3 Ba5 44. Ke2 Kg7 45. Nf3 Ba4 46. Bxa4 Qxc4+ 47. Kf2
Qxa2+ 48. Nd2 Bxd2 49. Qb3 Qa1 50. Qc2 Qe1+ 51. Kg2 Qe2+ 52. Kh3 Qf1+ 53. Kh4
Bxf4 54. Bb5 Bg5+ 0-1

[Event "XII Festival Magistrale"]
[Site "Barcellona Pozzo di Gotto ITA"]
[Date "1991.07.??"]
[Round "1"]
[White "Fabiano, Giuseppe"]
[Black "Alfarone, Giovanni"]
[Result "1-0"]
[WhiteElo "2270"]
[BlackElo "2280"]
[PlyCount "60"]
[EventDate "1991.07.20"]

1. c4 Nf6 2. Nf3 e6 3. g3 d5 4. Bg2 c6 5. b3 Be7 6. Bb2 O-O 7. O-O Nbd7 8. d3
Qc7 9. Nbd2 Re8 10. Rc1 Nf8 11. Rc2 Ng6 12. Qa1 Rd8 13. e4 dxe4 14. dxe4 c5 15.
e5 Nd7 16. Ne4 Rb8 17. h4 b6 18. h5 Ngf8 19. Nd6 f6 20. Nb5 Qb7 21. Nfd4 Qxg2+
22. Kxg2 cxd4 23. Bxd4 Bb7+ 24. f3 a6 25. Nd6 Bxd6 26. exd6 e5 27. Be3 Nc5 28.
b4 Nd3 29. Bxb6 Rxd6 30. Bc7 Nxb4 1-0

[Event "XII Festival Magistrale"]
[Site "Barcellona Pozzo di Gotto ITA"]
[Date "1991.07.??"]
[Round "1"]
[White "Raicevic, Vladimir"]
[Black "Genovese, Maurizio"]
[Result "1/2-1/2"]
[WhiteElo "2415"]
[BlackElo "2180"]
[PlyCount "84"]
[EventDate "1991.07.20"]

1. d4 d5 2. c4 e6 3. Nc3 Nf6 4. Bg5 Nbd7 5. e3 h6 6. Bf4 Bb4 7. Qb3 c5 8. Nf3
Qa5 9. Bd3 b5 10. Nd2 cxd4 11. exd4 dxc4 12. Bxc4 bxc4 13. Nxc4 Bxc3+ 14. bxc3
Qd5 15. Qb4 a5 16. Nd6+ Kf8 17. Qa3 Kg8 18. O-O Nb6 19. Rfb1 Nc4 20. Nxc4 Qxc4
21. Qe7 Ba6 22. Be5 Re8 23. Qa7 h5 24. Rb6 Qxc3 25. Rab1 Bd3 26. R6b3 Qc2 27.
Qxa5 Rc8 28. h3 Rh6 29. Bf4 Ne4 30. Qe1 Rf6 31. Rc1 Qxf2+ 32. Qxf2 Rxc1+ 33.
Bxc1 Rxf2 34. Rxd3 Rxa2 35. Kh2 Ra1 36. Be3 h4 37. d5 Ng3 38. Bg1 exd5 39. Rxd5
f6 40. Rd4 g5 41. Rd7 Ra2 42. Bd4 Rd2 1/2-1/2

[Event "XII Festival Magistrale"]
[Site "Barcellona Pozzo di Gotto ITA"]
[Date "1991.07.??"]
[Round "2"]
[White "Abramovic, Bosko"]
[Black "Fabiano, Giuseppe"]
[Result "1-0"]
[WhiteElo "2495"]
[BlackElo "2270"]
[PlyCount "79"]
[EventDate "1991.07.20"]

1. c4 g6 2. g3 Bg7 3. Bg2 c5 4. Nc3 Nc6 5. Nf3 Nh6 6. h4 Nf5 7. h5 a6 8. d3 O-O
9. Ng5 d6 10. hxg6 hxg6 11. Bd2 Bd7 12. Qc1 Rb8 13. Nf3 b5 14. g4 Nfd4 15. Bh6
Bh8 16. cxb5 axb5 17. Bxf8 Qxf8 18. Nxd4 Bxd4 19. Qd2 b4 20. Nd1 Qc8 21. g5 Qa6
22. Ne3 b3 23. a3 Nb4 24. O-O Nc2 25. Rab1 Be6 26. Nxc2 bxc2 27. Qxc2 Bb3 28.
Qd2 Ba2 29. Ra1 Be6 30. Rfb1 Rb3 31. a4 Rb4 32. a5 Be5 33. e3 Rg4 34. Kf1 Bd5
35. Ra3 c4 36. e4 Bf4 37. Qc3 Be6 38. Bh3 Rxg5 39. Bxe6 fxe6 40. Qd4 1-0

[Event "XII Festival Magistrale"]
[Site "Barcellona Pozzo di Gotto ITA"]
[Date "1991.07.??"]
[Round "2"]
[White "Aleksic, Nenad"]
[Black "Genovese, Maurizio"]
[Result "1-0"]
[WhiteElo "2425"]
[BlackElo "2180"]
[PlyCount "65"]
[EventDate "1991.07.20"]

1. e4 d6 2. d4 Nf6 3. Nc3 c6 4. h3 Nbd7 5. Nf3 e5 6. a4 a5 7. Bc4 Be7 8. O-O
O-O 9. Re1 h6 10. Bb3 Re8 11. Be3 Qc7 12. Nh4 Bf8 13. Nf5 Nb6 14. Qf3 Be6 15.
dxe5 dxe5 16. Nxh6+ gxh6 17. Qxf6 Bxb3 18. cxb3 Re6 19. Qf3 Nd7 20. Rad1 Nc5
21. Ne2 Rd8 22. Bxc5 Bxc5 23. Ng3 Bd4 24. Nf5 Bxb2 25. Qg4+ Rg6 26. Nxh6+ Kf8
27. Qh4 Bd4 28. Nf5 Ke8 29. Nxd4 exd4 30. Rxd4 Rxd4 31. Qh8+ Ke7 32. Qxd4 Qc8
33. Rd1 1-0

[Event "XII Festival Magistrale"]
[Site "Barcellona Pozzo di Gotto ITA"]
[Date "1991.07.??"]
[Round "2"]
[White "Cappadona, Salvatore"]
[Black "Todorovic, Violeta"]
[Result "1-0"]
[WhiteElo "2100"]
[BlackElo "2025"]
[PlyCount "101"]
[EventDate "1991.07.20"]

1. e4 e6 2. Nf3 d5 3. Nc3 Nf6 4. Qe2 c5 5. d3 d4 6. Nb1 Nc6 7. g3 Be7 8. Bg2
O-O 9. O-O b5 10. Bg5 Qc7 11. Nbd2 a5 12. a4 Ba6 13. axb5 Bxb5 14. Nc4 Bxc4 15.
dxc4 Rfb8 16. e5 Nd7 17. Bxe7 Nxe7 18. Ng5 Nxe5 19. Bxa8 Rxa8 20. f4 N5g6 21.
Nf3 Rb8 22. b3 Nf5 23. Ra4 Nd6 24. Ne5 Ne7 25. Qf3 Rc8 26. Rfa1 Nb7 27. g4 Rb8
28. Rd1 Rd8 29. Raa1 Ng6 30. Nxg6 hxg6 31. Rd3 Nd6 32. c3 dxc3 33. Rxc3 Nb7 34.
Rf1 Rd2 35. Rd3 Rb2 36. Rfd1 Qb6 37. Qe3 Kf8 38. h3 Kg8 39. R1d2 Rb1+ 40. Rd1
Rb2 41. Qf3 Kf8 42. Qg3 Qc6 43. R3d2 Rxd2 44. Rxd2 Ke8 45. f5 Ke7 46. fxg6 fxg6
47. Qe5 Kf7 48. g5 Qc8 49. h4 Kg8 50. h5 Qe8 51. hxg6 1-0

[Event "XII Festival Magistrale"]
[Site "Barcellona Pozzo di Gotto ITA"]
[Date "1991.07.??"]
[Round "3"]
[White "Curione, Francesco"]
[Black "Cappadona, Salvatore"]
[Result "1-0"]
[WhiteElo "2305"]
[BlackElo "2100"]
[PlyCount "61"]
[EventDate "1991.07.20"]

1. Nf3 d5 2. c4 e6 3. b3 c5 4. Bb2 d4 5. e3 Nc6 6. exd4 cxd4 7. d3 Bb4+ 8. Nbd2
Nge7 9. a3 Bxd2+ 10. Qxd2 e5 11. b4 Ng6 12. g3 b6 13. Bg2 Bb7 14. O-O O-O 15.
Rfe1 f6 16. a4 Rb8 17. a5 Re8 18. Ba3 bxa5 19. b5 Nce7 20. Bxe7 Rxe7 21. Qxa5
Qd7 22. Qxa7 Rc8 23. Qa2 Kh8 24. Qe2 Rc7 25. Nd2 Bxg2 26. Kxg2 f5 27. Qf3 e4
28. dxe4 Ne5 29. Qxf5 Qxf5 30. exf5 Nxc4 31. Rec1 1-0

[Event "XII Festival Magistrale"]
[Site "Barcellona Pozzo di Gotto ITA"]
[Date "1991.07.??"]
[Round "3"]
[White "Fabiano, Giuseppe"]
[Black "Saric, Natasa"]
[Result "1-0"]
[WhiteElo "2270"]
[BlackElo "2075"]
[PlyCount "79"]
[EventDate "1991.07.20"]

1. c4 e5 2. Nc3 Nc6 3. Nf3 d6 4. g3 Be6 5. d4 exd4 6. Nxd4 Nxd4 7. Qxd4 Ne7 8.
b3 d5 9. cxd5 Nxd5 10. Bg2 Bb4 11. Bd2 Bxc3 12. Bxc3 f6 13. Bb2 O-O 14. O-O c6
15. Ba3 Re8 16. Rfd1 Qa5 17. e4 Qxa3 18. exd5 cxd5 19. Bxd5 Qa6 20. Re1 Qd6 21.
Bxe6+ Rxe6 22. Qxd6 Rxd6 23. Re7 Rd2 24. Rc1 h5 25. Rcc7 g5 26. Rg7+ Kh8 27. a4
Re8 28. Rgf7 g4 29. Rxf6 Re1+ 30. Kg2 Kg8 31. Rg6+ Kh8 32. Rh6+ Kg8 33. Rxh5
Rdd1 34. Rg5+ Kf8 35. Rxg4 Rg1+ 36. Kh3 Rgf1 37. Rf4+ Kg8 38. Rxb7 Rd2 39. Kg2
Rb1 40. h4 1-0

[Event "XII Festival Magistrale"]
[Site "Barcellona Pozzo di Gotto ITA"]
[Date "1991.07.??"]
[Round "3"]
[White "Genovese, Maurizio"]
[Black "Mijatovic, Angelina"]
[Result "1-0"]
[WhiteElo "2180"]
[BlackElo "2105"]
[PlyCount "51"]
[EventDate "1991.07.20"]

1. d4 e6 2. c4 d5 3. Nc3 Nf6 4. Bg5 Be7 5. e3 Nbd7 6. cxd5 exd5 7. Bd3 c6 8.
Qf3 Nf8 9. Bxf6 Bxf6 10. Nge2 Ng6 11. O-O-O Be6 12. Ng3 Nh4 13. Qe2 Nxg2 14.
Rhg1 Nh4 15. e4 Ng6 16. Nh5 Bg5+ 17. Kb1 Kf8 18. e5 Bh6 19. Rdf1 Bh3 20. f4
Bxf1 21. Rxf1 Ke8 22. f5 Nf8 23. Nxd5 Qxd5 24. Bc4 Qxd4 25. Rd1 Qe3 26. Nxg7+
1-0

[Event "XII Festival Magistrale"]
[Site "Barcellona Pozzo di Gotto ITA"]
[Date "1991.07.??"]
[Round "4"]
[White "Cappadona, Salvatore"]
[Black "Blasco, Domenico"]
[Result "1-0"]
[WhiteElo "2100"]
[BlackElo "2205"]
[PlyCount "101"]
[EventDate "1991.07.20"]

1. e4 Nf6 2. e5 Nd5 3. Nc3 Nxc3 4. dxc3 d5 5. Bd3 c5 6. f4 e6 7. Be3 c4 8. Be2
Qa5 9. Nf3 Nc6 10. Qd2 Bc5 11. Nd4 Nxd4 12. Bxd4 Qb6 13. b4 Bxd4 14. cxd4 a5
15. bxa5 Qxa5 16. c3 Bd7 17. O-O O-O 18. Rfb1 Bc6 19. g4 f6 20. exf6 Rxf6 21.
g5 Rff8 22. Bg4 Rae8 23. Qe3 Kh8 24. Rb2 Qc7 25. Rf1 Bd7 26. Re2 Qd6 27. Qc1
Kg8 28. Re5 Re7 29. Rfe1 Ref7 30. Rf1 b5 31. Qd2 Re7 32. h4 g6 33. Kg2 Be8 34.
Kg3 Bf7 35. Rb1 Rb8 36. Rb4 Ra7 37. Qe2 Ra6 38. Qb2 Qc6 39. a4 Ra5 40. Re1 Kg7
41. Rb1 Be8 42. axb5 Raxb5 43. Rxb5 Rxb5 44. Qxb5 Qxb5 45. Rxb5 Bxb5 46. Bxe6
Bc6 47. Kg4 Kf8 48. f5 Ke7 49. Kf4 Kd6 50. fxg6 hxg6 51. Bf7 1-0

[Event "XII Festival Magistrale"]
[Site "Barcellona Pozzo di Gotto ITA"]
[Date "1991.07.??"]
[Round "4"]
[White "Mohr, Georg"]
[Black "Alfarone, Giovanni"]
[Result "1/2-1/2"]
[WhiteElo "2465"]
[BlackElo "2280"]
[PlyCount "57"]
[EventDate "1991.07.20"]

1. Nf3 c5 2. e4 g6 3. c3 Bg7 4. d4 cxd4 5. cxd4 d5 6. exd5 Nf6 7. Bb5+ Nbd7 8.
d6 O-O 9. dxe7 Qxe7+ 10. Qe2 Qb4+ 11. Nc3 Re8 12. Be3 Nd5 13. O-O Nxe3 14. fxe3
a6 15. Bc4 Nb6 16. Bb3 a5 17. Ne5 Be6 18. Bxe6 Rxe6 19. a3 Qb3 20. Ne4 Bxe5 21.
dxe5 Rxe5 22. Qf3 Nd7 23. Rad1 Rf5 24. Qh3 Rxf1+ 25. Rxf1 f5 26. Nc3 Nf6 27.
Qh4 Qe6 28. Qd4 Re8 29. Re1 1/2-1/2

[Event "XII Festival Magistrale"]
[Site "Barcellona Pozzo di Gotto ITA"]
[Date "1991.07.??"]
[Round "4"]
[White "Saric, Natasa"]
[Black "Cappellani, Vincenzo"]
[Result "1/2-1/2"]
[WhiteElo "2075"]
[BlackElo "2105"]
[PlyCount "85"]
[EventDate "1991.07.20"]

1. e4 c5 2. Ne2 d6 3. Nbc3 Nf6 4. d4 cxd4 5. Nxd4 a6 6. Bd3 e5 7. Nde2 Be7 8.
O-O O-O 9. f4 b5 10. a3 Nbd7 11. Ng3 exf4 12. Bxf4 Ne5 13. Nf5 Be6 14. Nxe7+
Qxe7 15. Bg5 Qa7+ 16. Kh1 Nfg4 17. Qe1 f6 18. Bd2 Nxd3 19. cxd3 Qd4 20. Ne2 Qe5
21. Nf4 Bf7 22. h3 Nh6 23. Be3 Qg5 24. Rf3 d5 25. Qf2 dxe4 26. dxe4 Kh8 27. Bd2
Qe5 28. Nd3 Qxe4 29. Bxh6 gxh6 30. Re1 Qc4 31. Rc1 Qd5 32. Nb4 Qg5 33. Rc5 Qg7
34. Rc7 Rac8 35. Rxc8 Rxc8 36. Rxf6 Bc4 37. Rf3 Rg8 38. Qd2 a5 39. b3 Be6 40.
Nc2 Bd5 41. Rf2 Bxb3 42. Qxa5 Bxc2 43. Rxc2 1/2-1/2

[Event "XII Festival Magistrale"]
[Site "Barcellona Pozzo di Gotto ITA"]
[Date "1991.07.??"]
[Round "5"]
[White "Agnello, Giuseppe"]
[Black "Blasco, Domenico"]
[Result "1-0"]
[WhiteElo "1995"]
[BlackElo "2205"]
[PlyCount "59"]
[EventDate "1991.07.20"]

1. e4 Nf6 2. e5 Nd5 3. d4 d6 4. Nf3 dxe5 5. Nxe5 g6 6. Bc4 Be6 7. Nc3 Bg7 8.
Ne4 Bxe5 9. dxe5 c6 10. O-O Qc7 11. Qd4 Nd7 12. f4 Qb6 13. Qxb6 N7xb6 14. Bb3
Rd8 15. Nc5 Bc8 16. Re1 Nd7 17. Ne4 Nf8 18. c4 Nb4 19. Be3 Ne6 20. g3 Nd4 21.
Bxd4 Rxd4 22. Rad1 Rxd1 23. Rxd1 Bf5 24. Nf2 h5 25. h3 Na6 26. a3 Nc5 27. Ba2
Ne4 28. Nxe4 Bxe4 29. c5 e6 30. Rd4 1-0

[Event "XII Festival Magistrale"]
[Site "Barcellona Pozzo di Gotto ITA"]
[Date "1991.07.??"]
[Round "5"]
[White "Alfarone, Giovanni"]
[Black "Saric, Natasa"]
[Result "1/2-1/2"]
[WhiteElo "2280"]
[BlackElo "2075"]
[PlyCount "68"]
[EventDate "1991.07.20"]

1. d4 d5 2. Nf3 Nf6 3. c4 e6 4. Nc3 Be7 5. Bf4 c6 6. e3 Nbd7 7. Bd3 dxc4 8.
Bxc4 b5 9. Bd3 Bb7 10. O-O O-O 11. Rc1 a6 12. Ne4 Nxe4 13. Bxe4 Qb6 14. Ne5
Nxe5 15. Bxe5 Rac8 16. Qf3 Rfd8 17. Rc2 Bd6 18. Bxd6 Rxd6 19. Qg3 Rd7 20. Rfc1
h6 21. Qe5 Qc7 22. Qxc7 Rdxc7 23. f4 Kf8 24. f5 Ke7 25. fxe6 Kxe6 26. Rf1 Kd6
27. Kf2 Re8 28. Bf3 Bc8 29. Rfc1 Bd7 30. Rc5 Rec8 31. g4 Be6 32. a3 f6 33. h4
g6 34. Kg3 Bd7 1/2-1/2

[Event "XII Festival Magistrale"]
[Site "Barcellona Pozzo di Gotto ITA"]
[Date "1991.07.??"]
[Round "5"]
[White "Cappellani, Vincenzo"]
[Black "Accardo, Francesco"]
[Result "1-0"]
[WhiteElo "2105"]
[BlackElo "1930"]
[PlyCount "43"]
[EventDate "1991.07.20"]

1. e4 a6 2. d4 b5 3. Nf3 Bb7 4. Bd3 Nf6 5. e5 Nd5 6. c3 e6 7. O-O c5 8. Ng5 f5
9. exf6 Nxf6 10. Nd2 cxd4 11. cxd4 Nc6 12. Ndf3 Bd6 13. Ne4 Nxe4 14. Bxe4 O-O
15. Ng5 g6 16. d5 Ne5 17. dxe6 Bxe4 18. Qxd6 Nc4 19. Qb4 Bd3 20. e7 Qb6 21.
exf8=Q+ Rxf8 22. Qe7 1-0

[Event "XII Festival Magistrale"]
[Site "Barcellona Pozzo di Gotto ITA"]
[Date "1991.07.??"]
[Round "5"]
[White "Fabiano, Giuseppe"]
[Black "Deze, Vladimir"]
[Result "1-0"]
[WhiteElo "2270"]
[BlackElo "2220"]
[PlyCount "89"]
[EventDate "1991.07.20"]

1. c4 c5 2. Nf3 g6 3. Nc3 Bg7 4. d4 Nc6 5. d5 Na5 6. e4 d6 7. Bd3 Nf6 8. h3 O-O
9. Qc2 e5 10. dxe6 Bxe6 11. Nd5 Nc6 12. a3 Bxd5 13. cxd5 Nb8 14. O-O Na6 15.
Bxa6 bxa6 16. Bf4 Nh5 17. Bg5 Qd7 18. Rab1 f5 19. Rfe1 fxe4 20. Rxe4 Rxf3 21.
gxf3 Qxh3 22. Qe2 h6 23. Bd2 Kh7 24. Bc3 Rf8 25. Bxg7 Nxg7 26. f4 Nf5 27. b4
Rf7 28. Qf1 Qf3 29. Rbe1 Nh4 30. R4e3 Qg4+ 31. Rg3 Qf5 32. Qd3 Qh5 33. bxc5 Nf5
34. Rg2 Nh4 35. Rg3 Nf5 36. cxd6 Nxg3 37. fxg3 Qf5 38. Qd4 h5 39. Qe4 Qh3 40.
Re3 Qg4 41. Qe6 Qd1+ 42. Kg2 Rb7 43. Re2 h4 44. d7 h3+ 45. Qxh3+ 1-0

[Event "XII Festival Magistrale"]
[Site "Barcellona Pozzo di Gotto ITA"]
[Date "1991.07.??"]
[Round "6"]
[White "Accardo, Francesco"]
[Black "Cappadona, Salvatore"]
[Result "0-1"]
[WhiteElo "1930"]
[BlackElo "2100"]
[PlyCount "108"]
[EventDate "1991.07.20"]

1. e4 Nc6 2. Bc4 Nf6 3. Nc3 d6 4. a3 a6 5. d4 Bg4 6. f3 Bh5 7. Be3 e6 8. Ba2
Be7 9. Nge2 O-O 10. Nf4 Qd7 11. Qe2 b5 12. Nxh5 Nxh5 13. g4 Bh4+ 14. Kd2 e5 15.
d5 Nd4 16. Qg2 Nf4 17. Bxf4 exf4 18. Qh3 g5 19. Rad1 b4 20. axb4 Rfb8 21. Bc4
Rxb4 22. Kd3 Nxc2 23. Kxc2 Rxc4 24. Ra1 c5 25. Qf1 Rb4 26. Rxa6 Rab8 27. Ra2
Qb7 28. Qa1 c4 29. Rf1 Qb6 30. Qc1 Bf2 31. Nd1 Bd4 32. Re1 Rb3 33. Rf1 Rd3 34.
Kb1 Qb3 35. Qc2 Rxf3 36. Qxb3 Rfxb3 37. h4 h6 38. hxg5 hxg5 39. Rh1 Kg7 40. Kc2
Be5 41. Nc3 R3b4 42. Rh2 Kg6 43. Kc1 Bd4 44. Nd1 Re8 45. Ra6 Rb6 46. Rxb6 Bxb6
47. Nc3 f3 48. Kd2 f2 49. Rh1 Rh8 50. Rf1 Rh4 51. Ke2 Rxg4 52. Rxf2 Bxf2 53.
Kxf2 Kf6 54. Ke3 Ke5 0-1

[Event "XII Festival Magistrale"]
[Site "Barcellona Pozzo di Gotto ITA"]
[Date "1991.07.??"]
[Round "6"]
[White "Agnello, Giuseppe"]
[Black "Deze, Vladimir"]
[Result "1-0"]
[WhiteElo "1995"]
[BlackElo "2220"]
[PlyCount "65"]
[EventDate "1991.07.20"]

1. e4 c5 2. c3 e6 3. d4 d5 4. e5 Nc6 5. Nf3 Nge7 6. Be2 cxd4 7. cxd4 Nf5 8. Nc3
Qb6 9. Na4 Bb4+ 10. Kf1 Qd8 11. h4 h5 12. Bg5 Be7 13. Rc1 Kf8 14. g3 g6 15. Kg2
Kg7 16. Qd2 Bxg5 17. hxg5 a6 18. a3 Qe8 19. Nc5 b6 20. Nb3 Bb7 21. Nh4 Nxh4+
22. Rxh4 Qe7 23. Qf4 Rh7 24. Rch1 Rah8 25. Qf6+ Qxf6 26. exf6+ Kf8 27. f4 a5
28. a4 Ke8 29. g4 Bc8 30. gxh5 gxh5 31. Bd3 Kd7 32. Bxh7 Ba6 33. Rxh5 1-0

[Event "XII Festival Magistrale"]
[Site "Barcellona Pozzo di Gotto ITA"]
[Date "1991.07.??"]
[Round "6"]
[White "Cappellani, Vincenzo"]
[Black "Ljubisavljevic, Zivojin Z."]
[Result "0-1"]
[WhiteElo "2105"]
[BlackElo "2280"]
[PlyCount "44"]
[EventDate "1991.07.20"]

1. e4 c5 2. Nf3 a6 3. Nc3 e6 4. d4 cxd4 5. Nxd4 Qc7 6. Be2 b5 7. f4 Bb7 8. Bf3
Bc5 9. Be3 Ne7 10. O-O O-O 11. Kh1 d6 12. Qe1 Nd7 13. Qg3 Qb6 14. Rad1 e5 15.
fxe5 dxe5 16. Nf5 Nxf5 17. exf5 Bxf3 18. Rxf3 Bxe3 19. Rxe3 Rad8 20. Red3 Nf6
21. Qxe5 Ng4 22. Qe2 Nf2+ 0-1

[Event "XII Festival Magistrale"]
[Site "Barcellona Pozzo di Gotto ITA"]
[Date "1991.07.??"]
[Round "7"]
[White "Cappadona, Salvatore"]
[Black "Cappellani, Vincenzo"]
[Result "0-1"]
[WhiteElo "2100"]
[BlackElo "2105"]
[PlyCount "70"]
[EventDate "1991.07.20"]

1. e4 c5 2. Nf3 d6 3. d4 cxd4 4. Nxd4 Nf6 5. Nc3 a6 6. Bg5 e6 7. f4 Qb6 8. Qd2
Qxb2 9. Rb1 Qa3 10. f5 Nc6 11. fxe6 fxe6 12. Nxc6 bxc6 13. e5 dxe5 14. Bxf6
gxf6 15. Ne4 Be7 16. Be2 h5 17. Rb3 Qa4 18. c4 f5 19. Ng5 Ra7 20. Rb8 O-O 21.
O-O Bxg5 22. Qxg5+ Rg7 23. Qd2 Qa3 24. Rf3 Qc5+ 25. Kf1 f4 26. Bd3 e4 27. Bxe4
Qe5 28. Rxc8 Rxc8 29. Qe2 Qa1+ 30. Kf2 Qd4+ 31. Kf1 Rb8 32. Bc2 Qa1+ 33. Kf2 e5
34. Rd3 Qh1 35. Qe4 f3 0-1

[Event "XII Festival Magistrale"]
[Site "Barcellona Pozzo di Gotto ITA"]
[Date "1991.07.??"]
[Round "7"]
[White "Fabiano, Giuseppe"]
[Black "Agnello, Giuseppe"]
[Result "1/2-1/2"]
[WhiteElo "2270"]
[BlackElo "1995"]
[PlyCount "21"]
[EventDate "1991.07.20"]

1. c4 Nf6 2. Nf3 g6 3. b4 Bg7 4. Bb2 O-O 5. e3 d6 6. d4 Nbd7 7. Be2 e5 8. d5
Ne4 9. Nbd2 f5 10. Qc2 Nxd2 11. Nxd2 1/2-1/2

[Event "XII Festival Magistrale"]
[Site "Barcellona Pozzo di Gotto ITA"]
[Date "1991.07.??"]
[Round "7"]
[White "Genovese, Maurizio"]
[Black "Vukovic, Zdravko"]
[Result "0-1"]
[WhiteElo "2180"]
[BlackElo "2400"]
[PlyCount "82"]
[EventDate "1991.07.20"]

1. d4 Nf6 2. c4 e6 3. Nc3 Bb4 4. e3 O-O 5. Bd3 d5 6. Nge2 dxc4 7. Bxc4 e5 8.
O-O Nc6 9. d5 Ne7 10. e4 Ng6 11. Bg5 h6 12. Be3 Ng4 13. h3 Nxe3 14. fxe3 Bc5
15. Rf3 Nh4 16. Rg3 Kh8 17. Kh1 f5 18. Qd2 a6 19. Rf1 Qe7 20. Bd3 g6 21. d6
Qxd6 22. exf5 gxf5 23. Ne4 fxe4 24. Rxf8+ Qxf8 25. Bc4 Bxh3 26. Rxh3 Qf2 27.
Rg3 Nf5 28. Rh3 Nxe3 29. Rg3 Rf8 30. Qd7 Qe1+ 31. Kh2 Nf1+ 32. Kh3 Nxg3 33.
Nxg3 Be3 34. Qxc7 Qf2 35. Qxe5+ Qf6 36. Qxe4 Bf2 37. Bd3 Qf7 38. Qe5+ Qg7 39.
Qxg7+ Kxg7 40. Nf5+ Kf6 41. Kg4 Rh8 0-1

[Event "XII Festival Magistrale"]
[Site "Barcellona Pozzo di Gotto ITA"]
[Date "1991.07.??"]
[Round "7"]
[White "Todorovic, Olivera"]
[Black "Alfarone, Giovanni"]
[Result "1-0"]
[WhiteElo "2105"]
[BlackElo "2280"]
[PlyCount "85"]
[EventDate "1991.07.20"]

1. e4 c5 2. Nc3 e6 3. f4 a6 4. a4 b6 5. Nf3 Bb7 6. d3 d5 7. e5 Nc6 8. g3 Nh6 9.
Bg2 Nf5 10. O-O Be7 11. g4 Nfd4 12. Ne2 Nxf3+ 13. Bxf3 Qd7 14. c3 g6 15. Ng3
Bh4 16. d4 a5 17. Be3 cxd4 18. Bxd4 Nxd4 19. cxd4 Be7 20. Be2 Ba6 21. f5 Bxe2
22. Qxe2 O-O 23. Qe3 Rfc8 24. Rf2 Rc4 25. b3 Rc7 26. Raf1 Qc6 27. Nh5 Qc3 28.
Qf4 g5 29. Qf3 Qxd4 30. fxe6 Rf8 31. exf7+ Kh8 32. e6 Rc6 33. Qf5 Qe4 34. Nf6
Qxf5 35. Rxf5 Bxf6 36. Rxf6 Rc7 37. R6f5 Re7 38. Re1 h6 39. Kf2 Kg7 40. Rxd5
Rc8 41. Rd7 Rc2+ 42. Kf1 Rxd7 43. exd7 1-0

[Event "XII Festival Magistrale"]
[Site "Barcellona Pozzo di Gotto ITA"]
[Date "1991.07.??"]
[Round "8"]
[White "Agnello, Giuseppe"]
[Black "Genovese, Maurizio"]
[Result "1/2-1/2"]
[WhiteElo "1995"]
[BlackElo "2180"]
[PlyCount "28"]
[EventDate "1991.07.20"]

1. e4 c5 2. Nf3 d6 3. d4 cxd4 4. Nxd4 Nf6 5. Nc3 a6 6. Bg5 e6 7. Qe2 Be7 8.
O-O-O Qc7 9. f4 Nbd7 10. g4 b5 11. Bxf6 Bxf6 12. g5 Be7 13. Bg2 Bb7 14. h4 Nc5
1/2-1/2

[Event "XII Festival Magistrale"]
[Site "Barcellona Pozzo di Gotto ITA"]
[Date "1991.07.??"]
[Round "8"]
[White "Cappellani, Vincenzo"]
[Black "Curione, Francesco"]
[Result "1-0"]
[WhiteElo "2105"]
[BlackElo "2305"]
[PlyCount "95"]
[EventDate "1991.07.20"]

1. e4 c5 2. Nf3 Nc6 3. d4 cxd4 4. Nxd4 e5 5. Nb5 d6 6. N1c3 a6 7. Na3 b5 8. Nd5
Nf6 9. Bg5 Be7 10. Nxe7 Qxe7 11. c4 b4 12. Qa4 Bd7 13. Nb5 Nd4 14. Nc7+ Kd8 15.
Qa5 Nc6 16. Ne6+ Ke8 17. Nxg7+ Kf8 18. Bxf6 Qxf6 19. Qc7 Ra7 20. Qb6 Kxg7 21.
O-O-O Qf4+ 22. Qe3 Qf6 23. Rd5 Rd8 24. g4 Be6 25. g5 Qe7 26. Rd2 Rc8 27. h4 b3
28. axb3 Nd4 29. f4 f5 30. gxf6+ Qxf6 31. f5 Bf7 32. Be2 Rb8 33. Bd1 Rab7 34.
Rg2+ Kh8 35. Qg5 Qxg5+ 36. hxg5 Kg7 37. Rh6 Rb6 38. Rgh2 Bg6 39. f6+ Kf8 40.
Rxh7 Bxh7 41. Rxh7 Nxb3+ 42. Bxb3 Rxb3 43. g6 Kg8 44. Rg7+ Kf8 45. Rh7 Ke8 46.
Rh8+ Kd7 47. g7 Ke6 48. Rf8 1-0

[Event "XII Festival Magistrale"]
[Site "Barcellona Pozzo di Gotto ITA"]
[Date "1991.07.??"]
[Round "8"]
[White "Miljanic, Boro"]
[Black "Fabiano, Giuseppe"]
[Result "0-1"]
[WhiteElo "2420"]
[BlackElo "2270"]
[PlyCount "86"]
[EventDate "1991.07.20"]

1. e4 c5 2. Nf3 Nc6 3. Bb5 Nf6 4. Bxc6 bxc6 5. d3 g6 6. O-O Bg7 7. e5 Nd5 8.
Re1 O-O 9. h3 f6 10. exf6 Nxf6 11. Nbd2 d6 12. Ne4 Nd5 13. c3 Rb8 14. Kh2 Qc7
15. Kg1 e5 16. Nh2 Bd7 17. a3 a5 18. Rb1 Kh8 19. Bd2 Nf4 20. Re3 Rbe8 21. Rf3
c4 22. Bxf4 exf4 23. Ra1 Bf5 24. Rxf4 d5 25. Rxf5 Rxf5 26. Ng3 Rf7 27. dxc4 Qf4
28. Nf3 Qxc4 29. Qd2 Qf4 30. Qd3 a4 31. h4 Bf8 32. Rd1 Bc5 33. Nf1 Qe4 34. Qxe4
Rxe4 35. Ng3 Re8 36. Rd2 Rb7 37. h5 Reb8 38. Re2 Rxb2 39. Re6 Rxf2 40. Kh1 Rbb2
41. Rxc6 Rb5 42. Rc8+ Kg7 43. hxg6 hxg6 0-1

[Event "XII Festival Magistrale"]
[Site "Barcellona Pozzo di Gotto ITA"]
[Date "1991.07.??"]
[Round "9"]
[White "Agnello, Giuseppe"]
[Black "Alfarone, Giovanni"]
[Result "0-1"]
[WhiteElo "1995"]
[BlackElo "2280"]
[PlyCount "70"]
[EventDate "1991.07.20"]

1. e4 c5 2. c3 g6 3. d4 cxd4 4. cxd4 Bg7 5. Nc3 a6 6. Nf3 b5 7. Bf4 Bb7 8. Qd2
Nf6 9. e5 Nd5 10. Nxd5 Bxd5 11. Be2 Nc6 12. O-O Qb6 13. Rfd1 O-O 14. Bh6 Rac8
15. Bxg7 Kxg7 16. Ng5 Nd8 17. Bf3 Qb7 18. b3 Ne6 19. Nxe6+ dxe6 20. Bxd5 Qxd5
21. Rac1 Rfd8 22. Rxc8 Rxc8 23. h3 Qc6 24. Kf1 Qc2 25. f3 Qf5 26. Qd3 Rc2 27.
a3 Ra2 28. b4 Qg5 29. g4 Qh4 30. Rd2 Qxh3+ 31. Ke2 Qg2+ 32. Ke3 Qxd2+ 33. Qxd2
Rxd2 34. Kxd2 h5 35. Ke3 Kh6 0-1

[Event "XII Festival Magistrale"]
[Site "Barcellona Pozzo di Gotto ITA"]
[Date "1991.07.??"]
[Round "9"]
[White "Cappadona, Salvatore"]
[Black "Mijatovic, Angelina"]
[Result "1-0"]
[WhiteElo "2100"]
[BlackElo "2105"]
[PlyCount "111"]
[EventDate "1991.07.20"]

1. e4 e6 2. Nf3 d5 3. Nc3 Nf6 4. Qe2 Be7 5. g3 b6 6. Bg2 Ba6 7. d3 d4 8. Nb1
Nbd7 9. Nxd4 Ne5 10. Be3 c5 11. Nb3 c4 12. d4 cxb3 13. Qxa6 bxc2 14. Qa4+ Qd7
15. Qxc2 Neg4 16. O-O Rc8 17. Nc3 Nxe3 18. fxe3 O-O 19. Qb3 Ng4 20. Rae1 Bg5
21. Nd1 Qc7 22. e5 Qc2 23. Qb5 Qg6 24. h3 Nh6 25. Nc3 Nf5 26. Rf3 Qh6 27. Qd3
Rcd8 28. Ne4 Bxe3+ 29. Rfxe3 Rxd4 30. Qc3 Nxe3 31. Qxd4 Nc2 32. Qc3 Nxe1 33.
Qxe1 Rc8 34. Kh2 Qc1 35. Qf2 Rc2 36. Qf3 Qxb2 37. Nd6 h6 38. Qxf7+ Kh7 39. Qf3
Qxe5 40. Qd3+ Kg8 41. Qxc2 Qxd6 42. Qa4 Qe7 43. Qe4 Qf7 44. Qa8+ Kh7 45. Be4+
g6 46. h4 Kg7 47. Qd8 Qf2+ 48. Kh3 Qf1+ 49. Bg2 Qf5+ 50. Kh2 Qf7 51. Qd6 Qf6
52. a3 Qf7 53. Kg1 Qf6 54. Qc7+ Qf7 55. Qb8 Qf6 56. Qxa7+ 1-0